Menschen und Götter, Buchstaben und Bilder : die frühen alphabetischen Schriftzeugnisse im Südwest-Sinai (2. Jahrtausend v. Chr.) /

محفوظ في:

المؤلف الرئيسي: Morenz, Ludwig D.

التنسيق: كتاب

اللغة: German

منشور في: Berlin : EBVerlag, [2014].

سلاسل: Studia Sinaitica (Berlin, Germany) ; 2.

الموضوعات:

الوسوم: إضافة وسم

لا توجد وسوم, كن أول من يضع وسما على هذه التسجيلة!

رقم الطلب: PJ1526 .S226 M67 2014

LEADER 00939nam a22002417a 4500
003 OSt
005 20251020102938.0
008 251020t2014 gw 000 0 ger d
020 |a 9783868931457 (hd.bd.) 
040 |c ARCE Library 
050 1 4 |a PJ1526 .S226  |b M67 2014 
100 1 |a Morenz, Ludwig D. 
245 1 0 |a Menschen und Götter, Buchstaben und Bilder :   |b die frühen alphabetischen Schriftzeugnisse im Südwest-Sinai (2. Jahrtausend v. Chr.) /   |c Ludwig D. Morenz. 
264 1 |a Berlin :   |b EBVerlag,   |c [2014]. 
300 |a 211 p. :   |b illustrations ;   |c 25 cm. 
490 0 |a Studia Sinaitica (Berlin, Germany) ;   |v 2. 
504 |a Includes bibliographical references and index. 
650 0 |a Alphabet -- Religious aspects -- History -- To 1500. 
650 0 |a Inscriptions, Ancient -- Middle East. 
650 0 |a Inscriptions, Egyptian -- Egypt -- Sarābīṭ al-Khādim Site. 
901 |a reviewed 
942 |2 lcc  |c BK 
999 |c 50136  |d 50136